[Event "Tatarstan-ch op"]
[Site "Kazan"]
[Date "2009.08.22"]
[Round "3"]
[White "Demanov, Nikolay"]
[Black "Zakharov, Igor N"]
[Result "1-0"]
[WhiteElo "2058"]
[BlackElo "1927"]
[PlyCount "49"]
[EventDate "2009.08.20"]
[EventType "swiss"]
[EventRounds "9"]
[EventCountry "RUS"]
[SourceTitle "EXT 2010"]
[Source "ChessBase"]
[SourceDate "2010.11.25"]
[SourceVersion "1"]
[SourceVersionDate "2010.11.25"]
[SourceQuality "1"]

1. e4 e6 2. d3 d5 3. Nd2 Nf6 4. Ngf3 c5 5. g3 Nc6 6. Bg2 d4 7. e5 Nd7 8. Qe2 Qc7 9. Nc4 b5 10. Na3 Bb7 11. 0-0 a6 12. Bf4 Be7 13. Rfe1 h6 14. h4 g5 15. hxg5 hxg5 16. Bxg5 Bxg5 17. Nxg5 Ncxe5 18. f4 Bxg2 19. Qxg2 Nc6 20. Nxe6 fxe6 21. Rxe6+ Kf7 22. Rxc6 Qd8 23. Qd5+ Kg7 24. Rd6 Ra7 25. Re1 1-0

[Event "Nezhmetdinov Memorial 30th"]
[Site "Kazan"]
[Date "2008.06.09"]
[Round "9"]
[White "Demanov, Nikolay"]
[Black "Turebayeva, Alfiya"]
[Result "0-1"]
[WhiteElo "2038"]
[BlackElo "2219"]
[PlyCount "42"]
[EventDate "2008.06.01"]
[EventType "swiss"]
[EventRounds "9"]
[EventCountry "RUS"]
[SourceTitle "EXT 2009"]
[Source "ChessBase"]
[SourceDate "2008.11.26"]
[SourceVersion "1"]
[SourceVersionDate "2008.11.26"]
[SourceQuality "1"]

1. e4 c5 2. Nf3 Nc6 3. d3 g6 4. g3 Bg7 5. Bg2 d6 6. 0-0 Nf6 7. Re1 0-0 8. c3 Bd7 9. Nbd2 Rc8 10. Nf1 b5 11. d4 b4 12. Bd2 cxd4 13. cxd4 Bg4 14. Bc1 e5 15. dxe5 dxe5 16. Qa4 Bxf3 17. Bxf3 Nd4 18. Bd1 Qb6 19. Bd2 a5 20. a3 bxa3 21. bxa3 Qb2 0-1

[Event "Nezhmetdinov Memorial 30th"]
[Site "Kazan"]
[Date "2008.06.05"]
[Round "5"]
[White "Ospennikov, Dmitry V"]
[Black "Demanov, Nikolay"]
[Result "1-0"]
[WhiteElo "2241"]
[BlackElo "2038"]
[PlyCount "139"]
[EventDate "2008.06.01"]
[EventType "swiss"]
[EventRounds "9"]
[EventCountry "RUS"]
[SourceTitle "EXT 2009"]
[Source "ChessBase"]
[SourceDate "2008.11.26"]
[SourceVersion "1"]
[SourceVersionDate "2008.11.26"]
[SourceQuality "1"]

1. c4 Nf6 2. Nc3 g6 3. g3 e5 4. Bg2 Bg7 5. e3 0-0 6. Nge2 c6 7. d4 d6 8. 0-0 Qc7 9. h3 a5 10. b3 Na6 11. Bb2 Re8 12. a3 Bf5 13. Qd2 Rad8 14. Rad1 h5 15. e4 Bc8 16. d5 Kh7 17. Nc1 Ng8 18. Nd3 Bh6 19. Qc2 b5 20. Bc1 b4 21. Bxh6 Nxh6 22. axb4 axb4 23. Na2 cxd5 24. Ndxb4 dxc4 25. Nd5 Qb7 26. b4 Kg7 27. Qxc4 Be6 28. Nac3 Rc8 29. Qb3 Ng8 30. Ra1 Nf6 31. Rfb1 Nc7 32. Ra5 Ra8 33. Rba1 Nd7 34. Rxa8 Rxa8 35. Rxa8 Nxa8 36. Qa4 Nc7 37. Qa5 Bxd5 38. exd5 Qb6 39. Qa4 Nf6 40. Qc6 Qa7 41. Bf1 Na8 42. Qxd6 Qd4 43. Qc5 Nb6 44. d6 Nfd7 45. Qxd4 exd4 46. Nb5 Nc8 47. f4 Kf6 48. Kf2 Ndb6 49. Kf3 Ke6 50. Ke4 Nxd6+ 51. Nxd6 Kxd6 52. Kxd4 f6 53. h4 Nd7 54. Bd3 f5 55. Ba6 Nf6 56. Bb7 Nd7 57. b5 Nf6 58. Bc6 Kc7 59. Kc5 Ng4 60. b6+ Kb8 61. Kd6 Ne3 62. Ke5 Nf1 63. Kf6 Nxg3 64. Kxg6 Kc8 65. Bf3 Kb8 66. Bxh5 Kb7 67. Bf3+ Kxb6 68. h5 Nxh5 69. Bxh5 Kc7 70. Kxf5 1-0

[Event "Nezhmetdinov Memorial 30th"]
[Site "Kazan"]
[Date "2008.06.04"]
[Round "4"]
[White "Demanov, Nikolay"]
[Black "Hamidullin, Aydar"]
[Result "1/2-1/2"]
[WhiteElo "2038"]
[BlackElo "2255"]
[PlyCount "55"]
[EventDate "2008.06.01"]
[EventType "swiss"]
[EventRounds "9"]
[EventCountry "RUS"]
[SourceTitle "EXT 2009"]
[Source "ChessBase"]
[SourceDate "2008.11.26"]
[SourceVersion "1"]
[SourceVersionDate "2008.11.26"]
[SourceQuality "1"]

1. e4 e5 2. Bc4 Nf6 3. d3 Nc6 4. c3 g6 5. Nf3 Bg7 6. 0-0 0-0 7. Bg5 h6 8. Bh4 g5 9. Bg3 d5 10. Bb5 dxe4 11. Nxe5 Nxe5 12. Bxe5 c6 13. Bc4 b5 14. Bb3 Qxd3 15. Nd2 Bg4 16. Qc2 Rfe8 17. Bxf6 Bxf6 18. Nxe4 Qxe4 19. Qxe4 Rxe4 20. f3 Bxf3 21. Rxf3 Rf4 22. Rxf4 gxf4 23. Rf1 Be5 24. Rd1 a5 25. Rd7 Rf8 26. a3 a4 27. Ba2 Kg7 28. Kf2 1/2-1/2

[Event "Nezhmetdinov Memorial 30th"]
[Site "Kazan"]
[Date "2008.06.03"]
[Round "3"]
[White "Slavnova, Dania"]
[Black "Demanov, Nikolay"]
[Result "0-1"]
[WhiteElo "2182"]
[BlackElo "2038"]
[PlyCount "76"]
[EventDate "2008.06.01"]
[EventType "swiss"]
[EventRounds "9"]
[EventCountry "RUS"]
[SourceTitle "EXT 2009"]
[Source "ChessBase"]
[SourceDate "2008.11.26"]
[SourceVersion "1"]
[SourceVersionDate "2008.11.26"]
[SourceQuality "1"]

1. d4 Nf6 2. c4 c5 3. d5 b5 4. cxb5 e6 5. Nc3 exd5 6. Nxd5 Bb7 7. Nxf6+ Qxf6 8. Nf3 d5 9. Qc2 h6 10. g3 Bd6 11. Bg2 Nd7 12. 0-0 0-0 13. Nh4 Rfe8 14. Re1 Be5 15. Rb1 a6 16. bxa6 Rxa6 17. a3 c4 18. Nf3 Bd6 19. Bd2 Nc5 20. Bc3 Qe7 21. Nd4 Be5 22. Rbd1 g6 23. Bb4 Qc7 24. Nb5 Qb6 25. Bxd5 Qxb5 26. Bxc4 Qa4 27. b3 Nxb3 28. Bxa6 Bxa6 29. Rb1 Bb7 30. Qxb3 Qc6 31. e4 Bd4 32. Bd2 Ba8 33. Be3 Qxe4 34. Kf1 Qg2+ 35. Ke2 Rxe3+ 36. Qxe3 Bxe3 37. Kxe3 Qf3+ 38. Kd2 Qxf2+ 0-1